Southern Africa Human rights review (Record no. 76684)

MARC details
000 -LEADER
fixed length control field 01166nam a2200217 a 4500
008 - FIXED-LENGTH DATA ELEMENTS--GENERAL INFORMATION
fixed length control field 120416s2000 ||||||||||||||||| || u
050 ## - LIBRARY OF CONGRESS CALL NUMBER
Classification number AFRONET(05)
110 ## - MAIN ENTRY--CORPORATE NAME
Corporate name or jurisdiction name as entry element Inter-African Network for Human Rights and Development (Afronet)
245 10 - TITLE STATEMENT
Title Southern Africa Human rights review
260 ## - PUBLICATION, DISTRIBUTION, ETC.
Place of publication, distribution, etc. Lusaka:
Name of publisher, distributor, etc. Afronet
Date of publication, distribution, etc. 2000-
300 ## - PHYSICAL DESCRIPTION
Extent vols.
350 ## -
-- 0.00
650 ## - SUBJECT ADDED ENTRY--TOPICAL TERM
Topical term or geographic name entry element HUMAN RIGHTS--ZAMBIA
650 ## - SUBJECT ADDED ENTRY--TOPICAL TERM
Topical term or geographic name entry element HUMAN RIGHTS--AFRICA, SOUTHERN
650 ## - SUBJECT ADDED ENTRY--TOPICAL TERM
Topical term or geographic name entry element RIGHTS
650 ## - SUBJECT ADDED ENTRY--TOPICAL TERM
Topical term or geographic name entry element HUMAN RIGHTS--AFRICA, SUB-SAHARAN
995 ## -
-- SPECIAL COLLECTIONS
-- 0.00
-- 0019537
-- CBU-MAIN LIBRARY (Kitwe)
-- 1
-- 0.00
-- AFRONET(05)SAHRR/2002/10
-- 2
-- AVAILABLE
-- Z0019537
-- International Publications
995 ## -
-- SPECIAL COLLECTIONS
-- 0.00
-- 0020172
-- CBU-MAIN LIBRARY (Kitwe)
-- 1
-- 0.00
-- AFRONET(05)SAHRR/2003/12
-- 4
-- AVAILABLE
-- Z0020172
-- International Publications
995 ## -
-- SPECIAL COLLECTIONS
-- 0.00
-- 0012302
-- CBU-MAIN LIBRARY (Kitwe)
-- 1
-- 0.00
-- AFRONET(05)SAHRR/2000/06
-- 1
-- AVAILABLE
-- Z0012302
-- Annex Low-Usage Collection
995 ## -
-- SPECIAL COLLECTIONS
-- 0.00
-- 0020171
-- CBU-MAIN LIBRARY (Kitwe)
-- 1
-- 0.00
-- AFRONET(05)SAHRR/2003/11
-- 3
-- AVAILABLE
-- Z0020171
-- International Publications
999 ## -
-- 76684
-- 76684
Holdings
Withdrawn status Lost status Source of classification or shelving scheme Damaged status Not for loan Permanent Location Current Location Shelving location Date acquired Total Checkouts Full call number Barcode Date last seen Copy number Price effective from Koha item type
          CBU-MAIN LIBRARY, KITWE. CBU-MAIN LIBRARY, KITWE.   04/25/2023   AFRONET(05)SAHRR/2002/10 Z0019537 04/25/2023 1 04/25/2023 SPECIAL COLLECTION
          CBU-MAIN LIBRARY, KITWE. CBU-MAIN LIBRARY, KITWE.   04/25/2023   AFRONET(05)SAHRR/2003/12 Z0020172 04/25/2023 2 04/25/2023 SPECIAL COLLECTION
          CBU-MAIN LIBRARY, KITWE. CBU-MAIN LIBRARY, KITWE.   04/25/2023   AFRONET(05)SAHRR/2000/06 Z0012302 04/25/2023 3 04/25/2023 SPECIAL COLLECTION
          CBU-MAIN LIBRARY, KITWE. CBU-MAIN LIBRARY, KITWE.   04/25/2023   AFRONET(05)SAHRR/2003/11 Z0020171 04/25/2023 4 04/25/2023 SPECIAL COLLECTION